01795cam a22003854a 45000010009000000050017000090080041000260100017000670200024000840200025001080350024001330400018001570420008001750820018001831000034002012450121002352600078003563000041004345000105004755040054005805050434006346000048010686500016011166500017011326500025011497000030011747000031012047000024012357000022012597000025012817000017013067000015013237000022013387100049013601222300820220326193329.0000227s1999 sp a bc 000 0 spa  a 00459993  a8480261366 (MNCARS) a8480031883 (Aldeasa) a(SpBaP)pu 000005428 aDLCcDLCdDLC apcc a709.2bG 672m1 aBourgeois, Louised1911-2010.10aLouise Bourgeois :bmemoria y arquitectura cBourgeois, Louise; Gorovoy, Jerry (curador); Tilkin, Danielle (curador) aMadrid :bMuseo Nacional Centro de Arte Reina Sofía :bAldeasa,cc1999. a315 p. :bill. (some col.) ;c31 cm. aMuseo Nacional Centro de Arte Reina Sofía, Madrid, 16 de noviembre de 1999-14 de febrero del 2000. aIncludes bibliographical references (p. 311-313). tNada mejor que el hogarrJerry Gorovoy y Danielle TilkintLouise Bourgeois: Arquitectura como ensayo de la memoriarJoseph HelfensteintLa arquitectura del traumarBeatriz ColominatLouise Bourgeois: Una mujer en acciónrChristiane TerrissetAdios a la casa de muñecasrLynne CooketInvocar a BerninirMieke BaltPassages ImpliquesrJennifer BloomertLaminastObras en la exposicióntCronologíatExposiciones individuales10aBourgeois, Louise,d1911-2010vExhibitions. xBiografía aArquitectura aArte contemporáneo a Gorovoy, Jerry (curador) aTilkin, Danielle (curador) aHelfenstein, Joseph aColomina, Beatriz aTerrisse, Christiane aCooke, Lynne aBal, Mieke aBloomer, Jennifer2 aMuseo Nacional Centro de Arte Reina Sofía.